Normal view
MARC view
- EI-Saden, Munir R
Entry Personal Name
001 - CONTROL NUMBER
- control field: 41769
003 - CONTROL NUMBER IDENTIFIER
- control field: NUST
005 - DATE AND TIME OF LATEST TRANSACTION
- control field: 20210314132132.0
008 - FIXED-LENGTH DATA ELEMENTS
- fixed length control field: 210314|| aca||aabn | a|a d
040 ## - CATALOGING SOURCE
- Original cataloging agency: NUST
- Transcribing agency: NUST
100 ## - HEADING--PERSONAL NAME
- Personal name: EI-Saden, Munir R
670 ## - SOURCE DATA FOUND
- Source citation: Work cat.: (NUST): EI-Saden, Munir R., Engineering thermodynamics.
